Sarasvati The Mystical River of India/ (Record no. 216773)

MARC details
000 -LEADER
fixed length control field 00586nam a22001937a 4500
005 - DATE AND TIME OF LATEST TRANSACTION
control field 20260622165653.0
010 ## - LCCN (DPL NO)
LC control number ENG-148918
020 ## - INTERNATIONAL STANDARD BOOK NUMBER
Terms of availability 1000.00
International Standard Book Number 9789390702008
035 ## - SYSTEM CONTROL NUMBER
System control number EN-132950
037 ## - SOURCE OF ACQUISITION
Source of stock number/acquisition DBAD
Stock number DPL
082 ## - DEWEY DECIMAL CLASSIFICATION NUMBER
Classification number 294.592
Edition number 1
100 ## - MAIN ENTRY--PERSONAL NAME
Personal name Jain, Amit Rai
245 ## - TITLE STATEMENT
Title Sarasvati The Mystical River of India/
Statement of responsibility, etc Amit Rai Jain
250 ## - EDITION STATEMENT
Edition statement 1
260 ## - PUBLICATION, DISTRIBUTION, ETC. (IMPRINT)
Name of publisher, distributor, etc Kitabwale
Place of publication, distribution, etc New Delhi
Date of publication, distribution, etc 2023
270 ## - ADDRESS
Address 7/31, Ansari Road, Daryaganj
City New Delhi
Postal code 110002
300 ## - PHYSICAL DESCRIPTION
Extent 213p.
Dimensions 22cm(hb)
Other physical details Index
942 ## - ADDED ENTRY ELEMENTS (KOHA)
Source of classification or shelving scheme Dewey Decimal Classification
Item type English Books
Classification part 294.592
Call number suffix JAI
Holdings
Withdrawn status Lost status Not for loan Collection code Home library Current library Date acquired Source of acquisition Cost, normal purchase price Full call number Barcode Copy number Cost, replacement price Koha item type
    Not For Loan Non-fiction D.B.Act.Division D.B.Act.Division 22/06/2026 Delivery of Books Act Division 1000.00 294.592 JAI EN-132950 1 1000.00 English Books

© Delhi Public Library
Hit Counter
free hit counter